000 00683nam a22002177a 4500
005 20251108173441.0
008 250721s2007 xx 000 0 eng d
020 _a821367161
082 1 4 _aWB/ 382.41091724/ REF
100 1 _aMcCalla, Alex F.
_eEd.
245 1 0 _aReforming Agricultural Trade For Developing Countries : quantifying the impact of multilatral trade reform /
264 1 _awashington :
_bthe world bank,
_c2007.
300 _aV2.
490 0 _aAGRICULTURE & RURAL DEVELOPMENT
650 1 7 _aWORLD TRADE ORGANIZATION
650 1 7 _aDEVELOPING COUNTRIES
650 1 7 _aAGRICULTURE AND STATE
700 1 _aNash, John
_eEd.
942 _2ddc
_cBK
999 _c104195
_d104195